| 000 | 00684nam a22002177a 4500 | ||
|---|---|---|---|
| 999 |
_c9359 _d9359 |
||
| 003 | AR-CdUCM | ||
| 008 | 190327b ||||| |||| 00| 0 spa d | ||
| 040 |
_aMUNICIPALIDAD PROVINCIAL DEL CUSCO _cBIBLIOTECA MUNICIPAL DEL CUSCO |
||
| 082 |
_a869.56 / _bM36 |
||
| 100 |
_aMedina Sánchez, Bethoven _918003 |
||
| 245 | _aNecesario silencio para que las hojas conversen / | ||
| 260 |
_aTrujillo : _c1980. |
||
| 300 |
_a30 páginas : _c24 cm. |
||
| 500 | _aCon dedicatoria a Luis Nieto -- Donación de la familia Nieto | ||
| 505 | _aContenido : Poesía | ||
| 650 |
_aPoesía _9444 |
||
| 650 |
_aLiteratura _9416 |
||
| 650 |
_aSiglo XX _98 |
||
| 942 |
_2ddc _cLIBROS |
||
| 945 | _admma | ||